[Event "EU-chT (Men)"]
[Site "Debrecen"]
[Date "1992.??.??"]
[Round "5"]
[White "Hickl, Joerg"]
[Black "Dizdarevic, Emir"]
[Result "1-0"]
[WhiteElo "2515"]
[BlackElo "2505"]

1.g3 d5 2.Nf3 b6 3.c4 dxc4 4.Na3 Bb7 5.Bg2 Nf6 6.Nxc4 e6 7.O-O Be7 8.Qa4+ Nfd7
9.d4 O-O 10.Rd1 Qc8 11.Bf4 Bc6 12.Qc2 Qb7 13.Rac1 Rc8 14.e4 Nf6 15.Nfd2 Qa6
16.Ne5 Ba4 17.b3 Be8 18.d5 exd5 19.exd5 Ba3 20.Rb1 Bd6 21.Ne4 Nbd7 22.Nxd6 cxd6
23.Nc6 Kh8 24.Bxd6 Nc5 25.b4 Qa4 26.Rbc1 Bxc6 27.dxc6 Qxb4 28.c7 Nfe4 29.Bxc5  1-0

[Event "EU-chT (Men)"]
[Site "Debrecen"]
[Date "1992.??.??"]
[Round "6"]
[White "Karlsson, Lars"]
[Black "Stefansson, Hannes"]
[Result "1/2-1/2"]
[WhiteElo "2480"]
[BlackElo "2455"]

1.g3 d5 2.Nf3 c6 3.Bg2 Bg4 4.b3 Nd7 5.Bb2 Ngf6 6.O-O e6 7.c4 Bd6 8.d4 O-O
9.Nbd2 a5 10.a3 Qb8 11.Re1 b5 12.c5 Bc7 13.b4 Re8 14.Qc1 h6 15.Bc3 Bxf3 16.exf3 e5
17.Bb2 exd4 18.f4 Rxe1+ 19.Qxe1 d3 20.Nb3 axb4 21.axb4 Rxa1 22.Qxa1 Bxf4
23.gxf4 Qxf4 24.Bxf6 Nxf6 25.Qd4 Qg5 26.h4 Qh5 27.f3 Nd7 28.Qg4 Qxg4 29.fxg4 Ne5
30.Bf1 g5 31.hxg5 hxg5 32.Kg2 Kg7 33.Kg3 Kf6 34.Nd4 Kg6 35.Nxc6 Nxc6 36.Bxd3+ f5
37.gxf5+ Kf6 38.Bxb5 Nxb4 39.c6 Nxc6 40.Bxc6  1/2-1/2

[Event "EU-chT (Men)"]
[Site "Debrecen"]
[Date "1992.??.??"]
[Round "7"]
[White "Hug, Werner"]
[Black "Gomez Esteban, Juan Mario"]
[Result "1/2-1/2"]
[WhiteElo "2425"]
[BlackElo "2425"]

1.Nf3 d5 2.g3 c5 3.Bg2 Nc6 4.O-O e5 5.d3 Nf6 6.Bg5 Be7 7.Nc3 d4 8.Bxf6 Bxf6
9.Ne4 Be7 10.c3 O-O 11.Qa4 Bd7 12.Rfc1 b6 13.a3 a5 14.Ned2 Kh8 15.Rab1 Rb8
16.Qd1 f5 17.a4 Bf6 18.Nc4 Qe7 19.Nfd2 Bg5 20.Qc2 h5 21.Re1 h4 22.e3 dxe3
23.Nxe3 Bxe3 24.Rxe3 f4 25.Re4 Qf6 26.Nc4 h3 27.Bf1 Bf5 28.Ree1 Rf7 29.Qe2 fxg3
30.fxg3 Rbf8 31.Qh5+ Kg8 32.Ne3 Be6 33.Bxh3 Bxh3 34.Qxh3 Qf2+ 35.Kh1 e4 36.dxe4 Ne5
37.Qg2 Nd3 38.Re2 Qxg2+ 39.Kxg2 Rf2+ 40.Rxf2 Rxf2+ 41.Kh3 Rxb2 42.Rxb2 Nxb2
43.c4 Nxa4 44.Nd1 Kf7 45.Kg4 Ke6 46.Kf4 b5 47.cxb5 Nb6 48.h4 a4 49.Nc3 a3
50.g4 c4 51.h5 Na4 52.Na2 c3 53.Ke3 Kf6 54.Kd4 Kg5 55.e5 c2 56.Kc4 Nb6+ 57.Kc5 Na4+
58.Kb4 Nb6 59.e6 Kf6 60.Kxa3 Kxe6 61.g5 Kf5 62.h6 gxh6 63.gxh6 Kg6 64.Kb3 Kxh6
65.Kxc2 Kg6 66.Kd3 Kf6 67.Kd4 Ke7 68.Kc5 Nc8 69.Nb4 Kd7 70.Nd5 Na7 71.b6 Kc8  1/2-1/2

[Event "EU-chT (Men)"]
[Site "Debrecen"]
[Date "1992.??.??"]
[Round "7"]
[White "Dizdar, Goran"]
[Black "Ruzele, Darius"]
[Result "1-0"]
[WhiteElo "2495"]
[BlackElo "2340"]

1.Nf3 d5 2.g3 Nf6 3.Bg2 c6 4.O-O Bg4 5.c4 e6 6.d3 dxc4 7.dxc4 Qxd1 8.Rxd1 Nbd7
9.Nc3 Bb4 10.Na4 Nc5 11.Nxc5 Bxc5 12.h3 Bf5 13.Bf4 Rd8 14.Rxd8+ Kxd8 15.Ne5 Ke7
16.Rd1 h6 17.g4 g5 18.Bg3 Bh7 19.Bxc6 bxc6 20.b4 Rc8 21.bxc5 Bc2 22.Rd2 Ba4
23.f3 Ke8 24.Kf2 Ng8 25.Nd3  1-0

[Event "EU-chT (Men)"]
[Site "Debrecen"]
[Date "1992.??.??"]
[Round "8"]
[White "Cvitan, Ognjen"]
[Black "Giorgadze, Giorgi"]
[Result "1/2-1/2"]
[WhiteElo "2505"]
[BlackElo "2525"]

1.Nf3 d5 2.g3 c5 3.Bg2 Nc6 4.O-O g6 5.d4 Bg7 6.dxc5 Nf6 7.c3 O-O 8.Nbd2 a5
9.a4 e5 10.Nb3 h6 11.Nfd2 Be6 12.f4 exf4 13.gxf4 Qe7 14.Nf3 Rfe8 15.Nfd4 Bg4
16.Rf2 Nxd4 17.Nxd4 Qxc5 18.h3 Bh5 19.Qd3 Ne4 20.Bxe4 dxe4 21.Qg3 Bxd4 22.cxd4 Qxd4
23.Be3 Qxb2 24.Rc1 f5 25.Rc5 Kf7 26.Rb5 Qa3 27.Rxb7+ Re7 28.Rxe7+ Qxe7 29.Bd4 Qb4
30.Qc3 Qxc3 31.Bxc3 Ke6 32.e3 Kd5 33.Rb2 Bd1 34.Rb5+ Kc4 35.Rxa5  1/2-1/2

[Event "EU-chT (Women)"]
[Site "Debrecen"]
[Date "1992.??.??"]
[Round "9"]
[White "Litinskaya, Marta I"]
[Black "Cuevas Rodriguez, Ma Luisa"]
[Result "1/2-1/2"]
[WhiteElo "2330"]
[BlackElo "2200"]

1.Nf3 d5 2.g3 e6 3.Bg2 f5 4.O-O Nf6 5.c4 c6 6.b3 Bd6 7.d4 Qe7 8.Bf4 Bxf4
9.gxf4 O-O 10.Qc2 Bd7 11.Ne5 Ne4 12.f3 Nd6 13.e3 Be8 14.Nd2 Qh4 15.Rf2 Nd7
16.Bf1 Nf6 17.Rg2 Nh5 18.Bd3 Rc8 19.a4 Nxf4 20.exf4 Qxf4 21.Qb2 Nf7 22.Re1 Ng5
23.Bf1 Nh3+ 24.Kh1 Qh4 25.Nd3 Rf6 26.Rg3 Ng5 27.Nb1 h6 28.Qg2 Rc7 29.f4 Ne4
30.Rh3 Qg4 31.Qxg4 fxg4 32.Rhe3 Bg6 33.Bg2 Bf5 34.Kg1 g5 35.fxg5 Nxg5 36.Ne5 Rc8
37.c5 Kg7 38.Nd2 h5 39.b4 Bc2 40.Ra1 Rf4 41.Rc3 Bh7 42.Nb3 Rcf8 43.Rf1 h4
44.Rxf4 Rxf4 45.b5 h3 46.Bh1 Be4 47.Bxe4 Rxe4 48.Kf2 Rxe5 49.dxe5 Ne4+ 50.Ke3 Nxc3
51.Kf4 cxb5 52.a5 a6 53.Kxg4 Kg6 54.Nd4 b4 55.Kxh3 Kg5 56.Nxe6+ Kf5 57.Nd4+ Kxe5
58.c6 bxc6 59.Nxc6+ Kf4 60.Nxb4 d4 61.Nxa6 d3 62.Nc5 d2 63.Nd3+ Kf3 64.Nb2 Na4
65.a6 Nxb2 66.a7 d1=Q 67.a8=Q+ Kf4 68.Qb8+ Kf5  1/2-1/2

[Event "EU-chT (Men)"]
[Site "Debrecen"]
[Date "1992.??.??"]
[Round "9"]
[White "D'Amore, Carlo"]
[Black "Ruzele, Darius"]
[Result "0-1"]
[WhiteElo "2405"]
[BlackElo "2340"]

1.Nf3 d5 2.g3 Nf6 3.Bg2 c6 4.d3 Bf5 5.Nbd2 h6 6.b3 e6 7.Bb2 Nbd7 8.O-O Bh7
9.Re1 Be7 10.e4 O-O 11.h3 a5 12.a4 Rb8 13.Kh2 Qc7 14.e5 Ne8 15.Nd4 b5 16.axb5 cxb5
17.f4 Qb6 18.f5 a4 19.bxa4 bxa4 20.Rb1 Qa6 21.Qe2 Bc5 22.Ba1 Rxb1 23.Rxb1 Nc7
24.f6 Rb8 25.Rf1 Nb5 26.Nxb5 Rxb5 27.Bxd5 exd5 28.Qg4 Nxf6 29.Rxf6 Qa5 30.Nf3 Bg6
31.Rc6 Bf8 32.Rc8 Rc5 33.Bd4 Rxc8 34.Qxc8 a3 35.Nh4 Qd2+ 36.Ng2 Be4 37.dxe4 Qxd4
38.e6 Qxe4 39.exf7+ Kxf7 40.Qb7+ Be7 41.Qb3 Qc4 42.Qf3+ Kg8 43.Ne3 Qe4  0-1

[Event "Dortmund op-A"]
[Site "Dortmund"]
[Date "1992.??.??"]
[Round "2"]
[White "Kochyev, Alexander"]
[Black "Trichkov, Vasil"]
[Result "1/2-1/2"]
[WhiteElo "2495"]
[BlackElo "2315"]

1.Nf3 d5 2.g3 c6 3.Bg2 Bf5 4.O-O Nf6 5.d3 h6 6.c4 e6 7.Nc3 dxc4 8.dxc4 Qxd1
9.Rxd1 Nbd7 10.Be3 e5 11.h3 Be6 12.Nd2  1/2-1/2

[Event "Dortmund op-A"]
[Site "Dortmund"]
[Date "1992.??.??"]
[Round "4"]
[White "Schettler, Juergen"]
[Black "Lingnau, Carsten"]
[Result "1/2-1/2"]
[WhiteElo "2245"]
[BlackElo "2365"]

1.Nf3 d5 2.g3 c6 3.Bg2 Bg4 4.d3 Nd7 5.Nbd2 e6 6.h3 Bh5 7.O-O Bd6 8.Qe1 Ne7
9.e4 O-O 10.Kh1 Bc7 11.a3 a5 12.b3 a4 13.b4 Re8 14.Bb2 f6 15.e5 Bxf3 16.Nxf3 f5
17.Nd4 Nf8 18.f4 Qd7 19.c4 Nfg6 20.Qe2 Bb6 21.c5 Bc7 22.Bc3 b6 23.Rab1 Reb8
24.Rfc1 Nf8 25.Be1 b5 26.Bd2 Nfg6 27.Bf3 Kh8 28.Rg1 Rg8 29.Rg2 Raf8 30.Rbg1 h6
31.Rh2 Kh7 32.Kg2 Nh8 33.h4 g6 34.Kf1 Rg7 35.Ke1 h5 36.Kd1 Kg8  1/2-1/2

[Event "Dortmund op-A"]
[Site "Dortmund"]
[Date "1992.??.??"]
[Round "6"]
[White "Kochyev, Alexander"]
[Black "Keitlinghaus, Ludger"]
[Result "1/2-1/2"]
[WhiteElo "2495"]
[BlackElo "2440"]

1.Nf3 d5 2.g3 c6 3.Bg2 Bg4 4.O-O Nd7 5.d3 e5 6.e4 dxe4 7.dxe4 Ngf6 8.Nbd2 Qc7
9.Qe2 Be7 10.Nc4 O-O 11.Ne3  1/2-1/2

[Event "Dortmund op-A"]
[Site "Dortmund"]
[Date "1992.??.??"]
[Round "10"]
[White "Petrosian, Arshak B"]
[Black "Skembris, Spyridon"]
[Result "0-1"]
[WhiteElo "2470"]
[BlackElo "2530"]

1.Nf3 d5 2.g3 Nf6 3.Bg2 c6 4.O-O Nbd7 5.d4 e6 6.Nbd2 Bd6 7.c4 O-O 8.Qc2 Qe7
9.Re1 b6 10.e4 Nxe4 11.Nxe4 dxe4 12.Rxe4 Bb7 13.Bg5 Qe8 14.Rae1 Qc8 15.Rh4 g6
16.c5 bxc5 17.dxc5 Bxc5 18.Ne5 Nxe5 19.Qxc5 f6 20.Rd4 Rf7 21.Bxf6 Nd7 22.Rxd7 Qxd7
23.Be5 Rd8 24.Bc3 Qd6 25.Qxa7 Ra8 26.Qb6 Rxa2 27.Qb3 Ra8 28.Rd1 Qc5 29.Qxe6 Qxf2+
30.Kh1 Qf5 31.Qc4 h5 32.Be4 Qg4 33.Rd6 c5 34.Rd5 Bxd5 35.Qxd5 Re8 36.Bg2 Qf5
37.Qd6 Qb1+  0-1

[Event "Dresden op"]
[Site "Dresden"]
[Date "1992.??.??"]
[Round "?"]
[White "Mowsziszian, Karen"]
[Black "Juergens, Peter"]
[Result "1-0"]
[WhiteElo "2435"]
[BlackElo "2225"]

1.Nf3 d5 2.g3 c6 3.Bg2 Bf5 4.O-O e6 5.d3 Nf6 6.Nbd2 Nbd7 7.b3 Be7 8.Bb2 Qc7
9.Qe1 Bg6 10.e4 dxe4 11.dxe4 O-O 12.Kh1 e5 13.Nh4 Ng4 14.Nxg6 hxg6 15.Qe2 Nh6
16.f4 exf4 17.gxf4 g5 18.Bh3 gxf4 19.Bxg7 Kxg7 20.Rg1+ Kh8 21.Qh5 Qd6 22.e5 Nxe5
23.Ne4  1-0

[Event "Dresden op"]
[Site "Dresden"]
[Date "1992.??.??"]
[Round "?"]
[White "Mowsziszian, Karen"]
[Black "Dobrovolsky, Ladislav"]
[Result "1-0"]
[WhiteElo "2435"]
[BlackElo "2390"]

1.Nf3 d5 2.g3 Nf6 3.Bg2 e6 4.O-O Be7 5.d3 O-O 6.Nbd2 Nc6 7.e4 dxe4 8.dxe4 e5
9.c3 Qd3 10.Ne1 Qd7 11.Nc2 Qg4 12.f3 Qh5 13.Nc4 Bc5+ 14.Be3 Bxe3+ 15.N2xe3 Be6
16.Nd5 Rad8 17.Nce3 Nxd5 18.exd5 Bh3 19.f4 Qxd1 20.Raxd1 Bxg2 21.Kxg2 exf4
22.dxc6 fxe3 23.Rxd8 Rxd8 24.cxb7 Rb8 25.Rf5 Rxb7 26.b4 Rb6 27.Rc5 Rf6 28.Rxc7 Kf8
29.Rc8+ Ke7 30.Rc4 Rf2+ 31.Kg1 f5 32.Rf4 Rc2 33.Rxf5 Rxc3 34.Ra5 Rc2 35.Rxa7+ Ke6
36.Kf1 Rxh2 37.a4 g5 38.b5 Kd5 39.b6 Ke4 40.a5 Rb2 41.Re7+ Kd3 42.Rd7+ Ke4
43.b7 Rb1+ 44.Ke2 Rb2+ 45.Kd1 e2+ 46.Ke1 Ke3 47.Re7+ Kf3 48.a6 Rb1+ 49.Kd2 Rb2+
50.Kc3  1-0

[Event "Wch U18 Girls"]
[Site "Duisburg"]
[Date "1992.??.??"]
[Round "2"]
[White "Burczyk, Ewa"]
[Black "Kadimova, Ilaha"]
[Result "0-1"]
[WhiteElo "2065"]
[BlackElo "2270"]

1.Nf3 d5 2.g3 Nf6 3.Bg2 Bf5 4.d3 e6 5.O-O Be7 6.Nbd2 O-O 7.Nh4 Bg4 8.h3 Bh5
9.g4 Bg6 10.Nxg6 hxg6 11.e4 Nc6 12.c3 a5 13.Qc2 dxe4 14.dxe4 e5 15.Nc4 Bc5
16.Bg5 Qe8 17.Be3 Bxe3 18.Nxe3 Nd8 19.Rfd1 Ne6 20.Rd2 Nf4 21.Rad1 Qe7 22.Nd5 N6xd5
23.exd5 Qh4 24.Qe4 f5 25.Qf3 Rad8 26.c4 Qe7 27.Qc3 fxg4 28.hxg4 Nxg2 29.Kxg2 Rf4
30.f3 e4 31.Rf2 exf3+ 32.Rxf3 Qg5 33.Qe3 Qxg4+ 34.Kh1 Qh5+ 35.Kg1 Rg4+ 36.Kf2 Qh4+  0-1

[Event "Eger op"]
[Site "Eger"]
[Date "1992.??.??"]
[Round "?"]
[White "Bee, Marcus"]
[Black "Saleh, Nagueb"]
[Result "1-0"]
[WhiteElo "2315"]
[BlackElo "2215"]

1.Nf3 d5 2.g3 c6 3.b3 Nf6 4.Bg2 Bf5 5.O-O e6 6.Bb2 Nbd7 7.d3 Bc5 8.Nbd2 O-O
9.c4 Qe7 10.a3 a5 11.Qc2 Rac8 12.e4 dxe4 13.dxe4 Bg6 14.Nh4 Rfd8 15.Nxg6 hxg6
16.e5 Ng4 17.Ne4 Nh6 18.Rfd1 Nf5 19.Qc3 Ra8 20.Rd2 Nb6 21.Rxd8+ Rxd8 22.Qxa5 Nd7
23.Rd1 Bb6 24.Qb4 c5 25.Qb5 Nb8 26.Rxd8+ Qxd8 27.Nd6 Nxd6 28.exd6 Kh7 29.Bxb7 Qxd6
30.Kg2 Kh6 31.Qe8  1-0

[Event "Erkelmem op"]
[Site "Erkelmem"]
[Date "1992.??.??"]
[Round "?"]
[White "Felegyhazi, Laszlo"]
[Black "Kiss, Pal"]
[Result "0-1"]
[WhiteElo "2240"]
[BlackElo "2410"]

1.Nf3 d5 2.g3 c6 3.Bg2 Bg4 4.O-O Nd7 5.d3 Ngf6 6.h3 Bh5 7.g4 Bg6 8.Bf4 e6
9.Nbd2 Bc5 10.c4 O-O 11.Bg3 h6 12.Rc1 Re8 13.d4 Bf8 14.Ne5 Nxe5 15.dxe5 Nd7
16.e4 dxe4 17.Nxe4 Nc5 18.Nd6 Bxd6 19.exd6 e5 20.Rc3 Re6 21.b4 Rxd6 22.Qa1 Nd3
23.b5 Re6 24.Rd1 e4 25.bxc6 bxc6 26.f4 exf3 27.Rcxd3 Bxd3 28.Bf1 Be2 29.Rxd8+ Rxd8
30.Bxe2 fxe2 31.Be1 Rd1 32.Qc3 Rf6 33.Kg2 Rf1 34.Bh4 g5 35.Qe5 Rg1+ 36.Kh2 e1=Q
37.Bxe1 Rgxe1 38.Qb8+ Kh7 39.Qb3 Rd2+ 40.Kg3 Red1 41.Qb7 Rg1+ 42.Kf3 Rf1+
43.Kg3 Rxa2 44.Qxc6 Rf4 45.Qd6 Raf2 46.Qd3+ Kg8 47.c5 R4f3+ 48.Qxf3 Rxf3+
49.Kxf3 Kf8 50.Ke4 Ke7 51.Kd5 Kd7 52.c6+ Kc7 53.Kc5 a6 54.Kd5 a5 55.Kc5 a4
56.Kb4 Kxc6 57.Kxa4 Kd5  0-1

[Event "Espergaerde (Women)"]
[Site "Espergaerde"]
[Date "1992.??.??"]
[Round "?"]
[White "Peicheva Hansen, Evgenia"]
[Black "Trabert, Bettina"]
[Result "1/2-1/2"]
[WhiteElo "2175"]
[BlackElo "2135"]

1.Nf3 d5 2.g3 c6 3.Bg2 Bg4 4.d3 Nf6 5.Nbd2 e5 6.e4 dxe4 7.dxe4 Bc5 8.O-O Nbd7
9.a4 a5 10.Qe2 O-O 11.h3 Bxf3 12.Nxf3 Re8 13.Nh4 Nf8 14.Bg5 g6 15.Rad1 Qe7
16.Rd3 Ne6 17.Bh6 Rad8  1/2-1/2

[Event "Espoo op"]
[Site "Espoo"]
[Date "1992.??.??"]
[Round "?"]
[White "Kekki, Jorma"]
[Black "Karner, Hillar"]
[Result "1/2-1/2"]
[WhiteElo "2290"]
[BlackElo "2365"]

1.Nf3 d5 2.g3 Nc6 3.Bg2 e5 4.d3 Bg4 5.c3 Qd7 6.h3 Bf5 7.b4 f6 8.a3 Nge7 9.Bb2 g6
10.Qc2 e4 11.Nh4 exd3 12.exd3 Ne5 13.Nxf5 Qxf5 14.O-O Qxd3 15.Qa4+ c6 16.c4 dxc4
17.Bxe5 fxe5 18.Rd1 Qb3 19.Qxb3 cxb3 20.Nd2 b2 21.Rab1 O-O-O 22.Nc4 Bg7 23.Nxb2 Rxd1+
24.Rxd1 Rd8 25.Re1 Nf5 26.Nc4 Kc7 27.Nxe5 Re8 28.Nd3 Rxe1+ 29.Nxe1 Kb6 30.Bf1 a5
31.Bd3 axb4 32.axb4 Bc3 33.Nc2 Nd4 34.Nxd4 Bxd4 35.Kf1 Bc3 36.b5 cxb5 37.Ke2 Kc5
38.f4 b4 39.Be4 b5 40.Kd3 Be1 41.g4 b3 42.f5 gxf5 43.gxf5 Kb4 44.Ke2 Bc3
45.Bd3 Bf6 46.Kd2 h5 47.Kc1 h4 48.Kb1 Kc5 49.Be2 b4 50.Bh5 Kc4 51.Bf7+ Kc3
52.Bd5 b2 53.Bb3 Kd2 54.Ba4 Ke2 55.Bc2 Kf2 56.Bd1 Kg2 57.Bg4 Kh2 58.Kc2 Kg3
59.Kb1 b3 60.Be2 Kxh3 61.Bf1+ Kg3 62.Bh3 Kxh3  1/2-1/2

[Event "Forli op"]
[Site "Forli"]
[Date "1992.??.??"]
[Round "9"]
[White "Rashkovsky, Nukhim N"]
[Black "Giorgadze, Giorgi"]
[Result "1-0"]
[WhiteElo "2530"]
[BlackElo "2525"]

1.Nf3 d5 2.g3 c5 3.Bg2 Nc6 4.d4 Nf6 5.O-O e6 6.c4 Be7 7.cxd5 exd5 8.Nc3 O-O
9.dxc5 Bxc5 10.Bg5 d4 11.Ne4 Be7 12.Bxf6 Bxf6 13.Qd2 Bf5 14.Nxf6+ Qxf6 15.Qf4 d3
16.exd3 Bxd3 17.Qxf6 gxf6 18.Rfd1 Rfd8 19.Rd2 Be4 20.Rad1 Kf8 21.Rxd8+ Rxd8
22.Rxd8+ Nxd8 23.Nd4 Bb1 24.a3 Ke7 25.Kf1 a6 26.Ke2 Kd6 27.b4 b6 28.Ke3 Ne6
29.Bf1 a5 30.Nb5+ Kc6 31.Nc3 Bc2 32.Bg2+ Kd6 33.Nd5 axb4 34.axb4 f5 35.Nxb6 Bb3
36.Kd3  1-0

[Event "FRA-chT"]
[Site "?"]
[Date "1992.??.??"]
[Round "?"]
[White "Roos, Daniel"]
[Black "Flear, Glenn C"]
[Result "0-1"]
[WhiteElo "2390"]
[BlackElo "2495"]

1.Nf3 d5 2.g3 Nf6 3.Bg2 c6 4.O-O Bf5 5.d3 e6 6.Nbd2 Be7 7.Qe1 h6 8.e4 Bh7
9.Qe2 O-O 10.b3 a5 11.a4 Na6 12.e5 Nd7 13.Rd1 Nb4 14.Nf1 b5 15.c3 Na6 16.Nd4 Qb6
17.Be3 Bc5 18.Nf3 Bxe3 19.Nxe3 Nac5 20.axb5 Qxb5 21.Nd4 Bxd3 22.Qg4 Qb6 23.f4 Bh7
24.Ra3 Ne4 25.f5 exf5 26.Nexf5 Bxf5 27.Qxf5 Nxc3 28.Rd2 Nb5 29.Qxd7 Nxd4
30.Rf2 Ne6 31.b4 Rad8  0-1

[Event "FRA-chT"]
[Site "?"]
[Date "1992.??.??"]
[Round "?"]
[White "Bricard, Emmanuel"]
[Black "Ivkov, Borislav"]
[Result "1/2-1/2"]
[WhiteElo "2430"]
[BlackElo "2475"]

1.Nf3 d5 2.g3 c6 3.Bg2 Bg4 4.b3 Nd7 5.Bb2 e6 6.O-O Ngf6 7.c4 Bd6 8.d4 O-O
9.Nbd2 Bxf3 10.Bxf3 a5 11.Re1 Re8 12.a3 Bf8 13.Rc1 Qb6 14.c5 Qc7 15.Qc2 Rad8
16.Bg2 g6 17.e3 Bg7 18.f4 Rb8 19.Bc3 Rec8 20.b4 b6 21.Rb1 axb4 22.axb4 bxc5
23.bxc5 Rxb1 24.Rxb1 Ng4 25.Qd3 Rb8 26.Rxb8+ Qxb8 27.h3 Nh6 28.e4 dxe4 29.Bxe4 Qa8
30.Nc4 Nf5 31.Ne5 Nxe5 32.fxe5 Bh6 33.Bxf5  1/2-1/2

[Event "FRA-chT"]
[Site "?"]
[Date "1992.??.??"]
[Round "?"]
[White "Bricard, Emmanuel"]
[Black "Dextre, Eric"]
[Result "1-0"]
[WhiteElo "2430"]
[BlackElo "2205"]

1.Nf3 d5 2.g3 Nf6 3.Bg2 c6 4.O-O Bg4 5.d3 Nbd7 6.h3 Bxf3 7.Bxf3 e6 8.e4 dxe4
9.dxe4 Bc5 10.Nd2 Qc7 11.Kh1 Ne5 12.Bg2 h5 13.Nb3 Bb6 14.Bf4 Nfd7 15.a4 a5
16.Qe2 f6 17.Be3 h4 18.f4 Nf7 19.Bxb6 Qxb6 20.Qg4 Ke7 21.Rad1 Rag8 22.gxh4 g6
23.e5 Nh6 24.Qe2 fxe5 25.Qd2 Qc7 26.Qxa5 b6 27.Qe1 Nf5 28.fxe5 Nxh4 29.Qg3 g5
30.Nd4 Nxg2 31.Kxg2 c5 32.Nb5 Qc6+ 33.Kg1 g4 34.h4 Rh5 35.Rfe1 Rf5 36.Qd3  1-0

[Event "FRA-chT"]
[Site "?"]
[Date "1992.??.??"]
[Round "?"]
[White "Roos, Daniel"]
[Black "Astolfi, Frederic"]
[Result "0-1"]
[WhiteElo "2390"]
[BlackElo "2255"]

1.Nf3 d5 2.g3 Nf6 3.Bg2 c6 4.O-O Bf5 5.d3 e6 6.Nbd2 h6 7.c4 Bh7 8.Qb3 Qb6
9.Qa4 Nbd7 10.cxd5 exd5 11.Rb1 Bc5 12.Nb3 Bd6 13.Be3 Qc7 14.Rbc1 O-O 15.Nbd4 Nb6
16.Qb3 Qd7 17.a4 Nc8 18.Bd2 Re8 19.Rfe1 Bf8 20.Bb4 Nd6 21.Bc5 Bg6 22.Qc2 Nf5
23.Bxf8 Nxd4 24.Nxd4 Rxf8 25.b4 Rac8 26.Nb3 b6 27.a5 Rfe8 28.Qc3 Qg4 29.f3 Qg5
30.Qd4 Nd7 31.axb6 axb6 32.f4 Qg4 33.Qf2 Qe6 34.Nd4 Qd6 35.Bh3 f6 36.Qf3 Re7
37.Bf5 Bf7 38.b5 c5 39.Bh3 g6 40.Nc6 Ree8 41.e4 Ra8 42.Bg2 Ra3 43.exd5 Rxe1+
44.Rxe1 c4 45.Qe4 cxd3 46.Rd1 Qc5+ 47.Nd4 d2 48.f5 gxf5 49.Qf4 Rd3 50.Rxd2 Qc1+
51.Bf1 Qxd2 52.Bxd3 Qxd3 53.Nxf5 Qb1+ 54.Kf2 Qc2+ 55.Ke1 Qc3+ 56.Ke2 Qb2+
57.Kd1 Qa1+ 58.Kd2 Ne5 59.Nxh6+ Kf8 60.Qb4+ Ke8 61.Nf5 Qe1+ 62.Kxe1 Nd3+
63.Kd2 Nxb4 64.Nd6+ Kf8 65.Kc3 Nxd5+ 66.Kd4 Be6 67.h4 Nc7 68.h5 Kg7  0-1

[Event "Fuerteventura"]
[Site "Fuerteventura"]
[Date "1992.??.??"]
[Round "?"]
[White "Todorcevic, Miodrag"]
[Black "Flear, Glenn C"]
[Result "1/2-1/2"]
[WhiteElo "2470"]
[BlackElo "2495"]

1.Nf3 d5 2.g3 Nf6 3.Bg2 c6 4.d3 Bf5 5.Nbd2 h6 6.c4 e6 7.O-O Be7 8.b3 O-O
9.Bb2 a5 10.a3 Nbd7 11.Qc2 Bh7 12.Bc3 Bd6 13.Qb2 Qe7 14.b4 axb4 15.axb4 e5
16.c5 Bc7 17.Nb3 e4 18.dxe4 dxe4 19.Ne1 Be5 20.Nc2 Nd5 21.Bxe5 Nxe5 22.Qd4 f5
23.Rxa8 Rxa8 24.Na5 Nf7 25.Ne3 Rd8 26.Nxd5 Rxd5 27.Qa1 Qd7 28.Nc4 Qd8 29.Qa7 Rd4
30.Nb6 Qc7 31.e3 Rd8 32.Nc4 Bg6 33.Na5 Rd7 34.Qb6 Bh5 35.Qxc7 Rxc7 36.Ra1 Ne5
37.Nb3 Bf7 38.Nd4 g6 39.Bf1 Nf3+ 40.Nxf3 exf3 41.Rd1 Bd5 42.h3 h5 43.Rd4 Kf7
44.Bc4 Bxc4 45.Rxc4 Re7 46.Kf1 Rd7 47.Ke1 Rd3 48.e4 Kf6 49.exf5 gxf5 50.b5 cxb5
51.Rb4 Rd5 52.Rxb5 Kg5 53.Rxb7 Rxc5 54.Rb3  1/2-1/2

[Event "Fuerteventura op"]
[Site "Fuerteventura"]
[Date "1992.??.??"]
[Round "?"]
[White "Hedman Senarega, Jose Antonio"]
[Black "Bueno Perez, Lazaro"]
[Result "1-0"]
[WhiteElo "2315"]
[BlackElo "2250"]

1.Nf3 d5 2.g3 Nf6 3.Bg2 c6 4.d3 Bf5 5.Nbd2 e6 6.O-O h6 7.Qe1 Bh7 8.e4 Be7
9.Qe2 O-O 10.c3 a5 11.Ne1 Na6 12.f4 b5 13.g4 Qb6+ 14.Kh1 dxe4 15.dxe4 Nd7
16.Ndf3 Nac5 17.e5 Rac8 18.Nd4 Rfe8 19.Be3 Qb7 20.Rd1 Be4 21.Nef3 a4 22.b3 axb3
23.axb3 Nb6 24.f5 Bf8 25.f6 g6 26.Qf2 Nd5 27.Bd2 Nd3 28.Qe2 Nc5 29.Qe1 Qb8
30.b4 Bxf3 31.Nxf3 Nd3 32.Qg3 Nb2 33.Bxh6 Bxh6 34.Qh4 Nxf6 35.exf6 Qf4 36.Rd4 Qe3
37.Re1 Red8 38.Rxe3 Bxe3 39.g5 Rxd4 40.cxd4 Nd1 41.Bf1 Nf2+ 42.Kg2 Ra8 43.Qh6  1-0

[Event "Gausdal Int"]
[Site "Gausdal"]
[Date "1992.??.??"]
[Round "7"]
[White "Davies, Nigel R"]
[Black "Westerinen, Heikki MJ"]
[Result "1/2-1/2"]
[WhiteElo "2460"]
[BlackElo "2390"]

1.Nf3 d5 2.g3 c6 3.Bg2 Nf6 4.O-O Bg4 5.b3 Nbd7 6.Bb2 e6 7.d3 Be7 8.Nbd2 O-O
9.e4 dxe4 10.dxe4 a5 11.a4 Bb4 12.h3 Bxf3 13.Bxf3 Nc5 14.c3 Nd3 15.cxb4 Nxb2
16.Qc2 Nd3 17.bxa5 Ne5 18.Bg2 Qxa5 19.Nc4 Nxc4 20.Qxc4 Rfd8 21.Rad1  1/2-1/2

[Event "Troll Masters"]
[Site "Gausdal"]
[Date "1992.??.??"]
[Round "7"]
[White "Gausel, Einar"]
[Black "Hector, Jonny"]
[Result "1-0"]
[WhiteElo "2445"]
[BlackElo "2535"]

1.Nf3 d5 2.g3 c6 3.Bg2 Bg4 4.O-O Nd7 5.d3 e6 6.h3 Bh5 7.e4 Bd6 8.Qe2 Ne7
9.c4 O-O 10.Nc3 Kh8 11.g4 Bg6 12.Nh4 d4 13.Nd1 Ng8 14.Nxg6+ fxg6 15.f4 e5
16.f5 Be7 17.Rf3 Bg5 18.Bd2 Bxd2 19.Qxd2 Qh4 20.Qb4 b6 21.Qd6 Ngf6 22.Nf2 c5
23.fxg6 hxg6 24.Rf1 Rfe8 25.g5 Qxg5 26.h4 Qh5 27.Nh3 Qxh4 28.Nf4 Qg4 29.Nd5 Nh5
30.Nc7 Nf4 31.Rxf4 exf4 32.Rxf4 Qd1+ 33.Rf1 Qg4 34.Nxa8 Rxa8 35.e5 Re8 36.e6 Nf6
37.e7 Qg5 38.Rf3 Ng4 39.Qe6 Kh7 40.Rg3 Qc1+ 41.Bf1 Nf6 42.Qf7  1-0

[Event "Peer Gynt"]
[Site "Gausdal"]
[Date "1992.??.??"]
[Round "8"]
[White "Davies, Nigel R"]
[Black "Svidler, Peter"]
[Result "1/2-1/2"]
[WhiteElo "2460"]
[BlackElo "2455"]

1.Nf3 d5 2.g3 Nf6 3.Bg2 g6 4.c4 Bg7 5.O-O O-O 6.cxd5 Nxd5 7.Nc3 Nb6 8.d3 Nc6
9.Be3 h6 10.Rc1 Re8 11.a3 e5 12.b4 Nd4 13.Ne4 a5 14.Nxd4 exd4 15.Bd2 axb4
16.axb4 Ra2  1/2-1/2

[Event "Geneve op"]
[Site "Geneve"]
[Date "1992.??.??"]
[Round "3"]
[White "Weindl, Alfred"]
[Black "Klovans, Janis"]
[Result "0-1"]
[WhiteElo "2365"]
[BlackElo "2410"]

1.Nf3 d5 2.g3 Nf6 3.Bg2 c5 4.O-O Nc6 5.d3 e6 6.Nbd2 Be7 7.e4 O-O 8.Re1 b5
9.e5 Nd7 10.Nf1 a5 11.h4 a4 12.a3 b4 13.N1h2 bxa3 14.bxa3 f6 15.exf6 Bxf6
16.Bg5 h6 17.Bxf6 Nxf6 18.Ne5 Nxe5 19.Rxe5 Qd6 20.f4 Rb8 21.Qe2 Rb2 22.Kh1 Bd7
23.g4 c4 24.g5 cxd3 25.Qxd3 hxg5 26.Rxg5 Rf7 27.Rg1 Qxf4 28.Qc3 Ne4 29.Bxe4 Qxe4+
30.R5g2 Rb8 31.h5 d4 32.Qc7 Rc8  0-1

[Event "Geneve op"]
[Site "Geneve"]
[Date "1992.??.??"]
[Round "3"]
[White "Gerber, Richard"]
[Black "Sher, Miron N"]
[Result "0-1"]
[WhiteElo "2310"]
[BlackElo "2475"]

1.Nf3 d5 2.g3 c6 3.Bg2 Bg4 4.d3 Nd7 5.Nbd2 e6 6.b3 Be7 7.Bb2 Bf6 8.d4 Be7
9.O-O Ngf6 10.c4 h6 11.Re1 O-O 12.e4 dxe4 13.Nxe4 a5 14.Nc3 Nb6 15.a4 Qc7
16.Qd2 Bb4 17.Ne5 Bf5 18.Rac1 Rad8 19.Qf4 Ng4 20.c5 Nc8 21.h3 Nxe5 22.Rxe5 Rd7
23.Ne4 Ne7 24.Nd6 Rxd6 25.cxd6 Bxd6 26.Qe3 Bxe5 27.dxe5 Rd8 28.Ba3 Nc8 29.Qc5 Qb6
30.Qxb6 Nxb6 31.Bd6 Nc8 32.Bc7 Rd3 33.g4 Bg6 34.Rc5 Rxb3 35.Rxa5 Ne7 36.Ra8+ Kh7
37.a5 Nd5 38.Bxd5 cxd5 39.Bb6 Rxh3 40.Kg2 Rb3 41.f3 h5 42.Rb8 hxg4 43.Rxb7 Rxf3
44.a6 Be4 45.a7 d4 46.Rb8 Ra3+ 47.Kf1 d3  0-1

[Event "Geneve op"]
[Site "Geneve"]
[Date "1992.??.??"]
[Round "9"]
[White "Gerber, Richard"]
[Black "Preissmann, Emmanuel"]
[Result "1/2-1/2"]
[WhiteElo "2310"]
[BlackElo "2295"]

1.Nf3 d5 2.g3 g6 3.Bg2 Bg7 4.d3 Nf6 5.O-O O-O 6.Nbd2 Re8 7.e4 dxe4 8.dxe4 e5
9.Qe2 b6 10.Nc4 Nc6 11.c3 a5 12.Rd1 Qe7 13.Ne3 Ba6 14.Qc2 Rad8 15.Nd5 Nxd5
16.exd5 e4 17.Ng5 Bd3 18.Qb3 Ne5 19.Nxe4 Bc4 20.Qc2 Rxd5 21.Bg5 Rxd1+ 22.Rxd1 f6
23.Bf4 f5 24.Nd2 Bf7 25.Re1 Qc5 26.Qa4 Kf8 27.Be3 Qd6 28.Bf4 Qc5 29.Be3 Qd6
30.Bf4  1/2-1/2

[Event "Oberliga Nord O9192"]
[Site "Germany"]
[Date "1992.??.??"]
[Round "?"]
[White "Thiede, Lars"]
[Black "Tyrtania, Maximilian"]
[Result "1/2-1/2"]
[WhiteElo "2240"]
[BlackElo "2245"]

1.Nf3 d5 2.g3 c6 3.Bg2 Bg4 4.O-O Nd7 5.d3 e6 6.e4 Bd6 7.Qe2 Ne7 8.Nbd2 Qc7
9.c3 O-O-O 10.h3 Bh5 11.b4 f5 12.a4 Rde8 13.b5 Kb8 14.Ba3 Ka8 15.Bxd6 Qxd6
16.e5 Qc7 17.Qe3 Qb6 18.Nd4 c5 19.Nc2 f4 20.Qxf4 Be2 21.Rfc1 Bxd3  1/2-1/2

[Event "NRW-Liga II 9192"]
[Site "Germany"]
[Date "1992.??.??"]
[Round "?"]
[White "Schwarzkopf, Christian"]
[Black "Kaeser, Udo"]
[Result "0-1"]
[WhiteElo "2235"]
[BlackElo "2280"]

1.Nf3 d5 2.g3 c6 3.Bg2 Bg4 4.d3 Nd7 5.O-O Ngf6 6.Qe1 e5 7.e4 dxe4 8.dxe4 Qc7
9.Nbd2 Be7 10.Nc4 Be6 11.Qe2 b5 12.Ncd2 Nc5 13.b3 Nfd7 14.Bb2 O-O 15.a4 Rfb8
16.Bc3 a5 17.axb5 cxb5 18.Kh1 Nxb3 19.Bxe5 Qxc2 20.Bxb8 Nxa1 21.Nd4 Qb2 22.Nxe6 Rxb8
23.Rb1 Qa2 24.Nxg7 Kxg7 25.Qd1 Nc2 26.Rc1 Nd4 27.Qg4+ Kf8 28.Qxd7 Qxd2 29.Rf1 a4
30.Qc7 Rd8 31.h4 Qh6 32.f4 Qd6 33.Qc3 a3 34.e5 Qg6 35.f5 Qxg3 36.f6 Qxh4+
37.Kg1 Ne2+  0-1